ระบบห้องสมุดอัตโนมัติ ULibM
วิทยาลัยพยาบาลบรมราชชนนี พระพุทธบาท
เปลี่ยนเป็นภาษาไทย

Change to English
 แสดงรายละเอียดบรรณานุกรม
  กลับหน้าหลัก

Brief Record : Get Marc (ISO 2709) : E-mail record : QR code ปิดหน้าต่าง
E-books : เกี่ยวกับ Collections
LEADER 00000nam 2200000uu 4500
001    13399122118
003     ULIBM
008    021112s2008 th a 000 0 eng d
020    141800958X
100    Tazbir, Janice.,
245    Atlas of medical - surgical nursing
250    1st ed
260    Canada :^bDlmar Learning.,^c2008
300    515 pages
650    Perioperative Nursing - Atlases.
700 0  Patricia Keresztes.
856    ^z012596-1.jpg (สารบัญวารสาร)^uhttp://lib.bcnpb.ac.th/ulib6//_fulltext/serialcontent/13399122118/012596-1.jpg
856    ^z012596-2.jpg (สารบัญวารสาร)^uhttp://lib.bcnpb.ac.th/ulib6//_fulltext/serialcontent/13399122118/012596-2.jpg
856    ^z012596-3.jpg (สารบัญวารสาร)^uhttp://lib.bcnpb.ac.th/ulib6//_fulltext/serialcontent/13399122118/012596-3.jpg
856    ^z012596-4.jpg (สารบัญวารสาร)^uhttp://lib.bcnpb.ac.th/ulib6//_fulltext/serialcontent/13399122118/012596-4.jpg
856    ^z012596-5.jpg (สารบัญวารสาร)^uhttp://lib.bcnpb.ac.th/ulib6//_fulltext/serialcontent/13399122118/012596-5.jpg
856    ^z012596-6.jpg (สารบัญวารสาร)^uhttp://lib.bcnpb.ac.th/ulib6//_fulltext/serialcontent/13399122118/012596-6.jpg
945    ^p0^l0^i012595
945    ^p0^l0^i012596
945    ^p0^l0^i013019
999    ^aน.ส.สุพรรษา เริงรื่น
รายการนี้ยังไม่มีแท็ก
คุณยังไม่ได้ล็อกอิน คุณสามารถมีกิจกรรมร่วมกับเว็บไซต์ได้ แต่ต้องล็อกอินก่อน ::
  ล็อกอิน
ลำดับที่ ประเภท เลขเรียก สถานที่ สถานะ
1.
WY17 T248a 2008  
  
วิทยาลัยพยาบาลบรมราชชนนี พระพุทธบาท
►หนังสือทั่วไป
On Shelf
2.
WY17 T248a 2008 ฉ.2 
  
วิทยาลัยพยาบาลบรมราชชนนี พระพุทธบาท
►หนังสือทั่วไป
On Shelf
3.
WY17 T248a 2008 ฉ.3 
  
วิทยาลัยพยาบาลบรมราชชนนี พระพุทธบาท
►หนังสือทั่วไป
On Shelf
   [แสดง 3/3 รายการ]

Bib 13399122118